Computing Essentials 2004 /
Computing Essentials offers a unique, visual orientation that gives students a basic understanding of computing concepts. Computing Essentials is one of the few books on the market that is written by a professor who still teaches the course every semester and loves it. While combining current topics...
Spremljeno u:
| Glavni autor: | |
|---|---|
| Daljnji autori: | |
| Format: | Knjiga |
| Jezik: | Vietnamese |
| Izdano: |
American :
McGraw -Hill ,
2003
|
| Izdanje: | Tái bản lần thứ 15 |
| Teme: | |
| Oznake: |
Dodaj oznaku
Bez oznaka, Budi prvi tko označuje ovaj zapis!
|
| Thư viện lưu trữ: | Thư viện Trường CĐ Kỹ Thuật Cao Thắng |
|---|
| LEADER | 01343nam a2200229 a 4500 | ||
|---|---|---|---|
| 001 | TVCDKTCT6554 | ||
| 003 | Thư viện trường Cao đẳng Kỹ thuật Cao Thắng | ||
| 005 | 20070405000000 | ||
| 008 | 070405 | ||
| 980 | \ | \ | |a Thư viện Trường CĐ Kỹ Thuật Cao Thắng |
| 024 | |a RG_1 #1 eb0 i1 | ||
| 020 | # | # | |a 0-07-251958-4 |
| 041 | 0 | # | |a vie |
| 082 | # | # | |a 005.369 / |b C429P-t |
| 100 | 1 | # | |a OLeary Timothy J. |
| 245 | 0 | 0 | |a Computing Essentials 2004 / |c OLeary Timothy J., OLeary Linda I. |
| 250 | # | # | |a Tái bản lần thứ 15 |
| 260 | # | # | |a American : |b McGraw -Hill , |c 2003 |
| 300 | # | # | |a 467tr. ; |c 27 cm. |
| 520 | # | # | |a Computing Essentials offers a unique, visual orientation that gives students a basic understanding of computing concepts. Computing Essentials is one of the few books on the market that is written by a professor who still teaches the course every semester and loves it. While combining current topics and technology into a highly illustrated design geared to catch students’ interest and motivate them, this text provides an accurate snapshot of computing today. When bundled with software application lab manuals, students are given a complete representation of the fundamental issues surrounding the personal computing environment. |
| 650 | # | 4 | |a Tin học ứng dụng |
| 700 | 0 | # | |a OLeary Linda I. |


